Pedagogía de anormales (Record no. 113736)

MARC details
000 -LEADER
campo de control de longitud fija 00619nam a2200181 i 4500
001 - NÚMERO DE CONTROL
campo de control 113736
003 - IDENTIFICADOR DE NÚMERO DE CONTROL
campo de control ES-MaACL
005 - FECHA Y HORA DE LA ÚLTIMA TRANSACCIÓN
campo de control 20230906190007.0
007 - CAMPO FIJO DE DESCRIPCIÓN FÍSICA--INFORMACIÓN GENERAL
campo de control de longitud fija t|
008 - DATOS DE LONGITUD FIJA--INFORMACIÓN GENERAL
campo de control de longitud fija 061121s1928 sp |||| | spa d
100 1# - ENTRADA PRINCIPAL--NOMBRE DE PERSONA
Nombre de persona Noguera López, Julio.
9 (RLIN) 85877
245 10 - MENCIÓN DEL TÍTULO
Título Pedagogía de anormales
Resto del título : responsabilidades individuales y colectivas determinadas por la fichas del archivo paidológico /
Mención de responsabilidad, etc. Julio Noguera López.
260 ## - PUBLICACIÓN, DISTRIBUCIÓN, ETC.
Lugar de publicación, distribución, etc. Reus :
Nombre del editor, distribuidor, etc. [s.n.],
Fecha de publicación, distribución, etc. 1928 (
Fabricante Tip. Catalonya)
300 ## - DESCRIPCIÓN FÍSICA
Extensión 144 p. ;
Dimensiones 24 cm.
500 ## - NOTA GENERAL
Nota general Revista de Puericultura.
650 04 - PUNTO DE ACCESO ADICIONAL DE MATERIA--TÉRMINO DE MATERIA
Término de materia o nombre geográfico como elemento de entrada Deficiencia mental.
9 (RLIN) 11548
852 ## - LOCALIZACIÓN
Ubicación ES-MaACL
Número de control de estantería 1726-F-11
Holdings
Estatus retirado Estado de pérdida Estado de daño No para préstamo Colección Biblioteca de origen Biblioteca actual Ubicación en estantería Fecha de adquisición Fuente de adquisición Total de préstamos Signatura topográfica completa Código de barras Visto por última vez Precio de reemplazo Tipo de ítem Koha
        Colección de folletos Biblioteca del Ateneo de Madrid Biblioteca del Ateneo de Madrid Depósito folletos 17/01/2008     1726-F-11 1118618 23/02/2023 23/02/2023 Folleto